| 000 | 00547nam a2200145 a 4500 | ||
|---|---|---|---|
| 001 | 000040960 | ||
| 005 | 20260305073956.0 | ||
| 008 | 130912s1997 dr ac 000 0 spa d | ||
| 040 |
_aDO-SdBNP _bspa _cBNPHU |
||
| 111 | 1 |
_aCumbre extraordinaria de Jefes de Estado y de gobierno República Dominicana _d(1997: 5-7 nov. _cSanto Domingo ) _967392 |
|
| 245 | 1 | 0 |
_aGobernabilidad democrática : _blos desafíos del presente / _cLeonel Fernández. |
| 260 |
_aSanto Domingo :, _c1997. |
||
| 300 |
_a10 p. ; _c26 cm. |
||
| 700 | 1 |
_aFernández, Leonel, _d1953- _97291 |
|
| 999 |
_c40450 _d40450 |
||